000 00844nam a22002297a 4500
005 20240530110955.0
008 181108s2007 ua a f b 000 0|ara d
020 _a9774084705
040 _aEG-CaGPL
_cEG-CaGPL
082 0 4 _221
_a657.03 /
_bم ق
100 0 _aتوماس موريس
245 1 0 _aالقاموس الدولى لاختصارات المحاسبة /
_cتاليف موريس ، توماس ؛ مترجم خالد العامرى
260 _aالقاهرة :
_bدار الفاروق للاستثمارات الثقافية،
_c2007.
300 _a166 ص ؛
_c24 سم.
650 0 7 _2qrmak
_aالمحاسبة
650 0 7 _2qrmak
_aالمعاجم
650 0 7 _2qrmak
_aالقاموس
651 _2qrmak
700 _aخالد العامرى
_eمترجم
942 _2ddc
_cBK
999 _c67077
_d67077